Albums certifiés diamant - Mort subite - Statistiques

Statistiques générales
  • Ce quiz a été pris 102 fois
  • Le résultat moyen est 5 sur 10
Answers on the Grid
Answers color-coded by a green-red scale on the quiz's grid according to % correct below.
Ipséité - Damso
Les étoiles vagabondes - Nekfeu
Destin - Ninho
La fête est finie - Orelsan
Deux frères - PNL
QALF - Damso
KMT - Gazo
L'ovni - Jul
Jefe - Ninho
Enna - PLK
Mental - PLK
Autobahn - SCH
OCHO - SDM
Pyramide - Werenoi
NI - Ninho
Charo Life - Niska
Big Daddy Jok - Jok'air
1994 - Hamza
Sincèrement - Hamza
SPLIT - Josman
 
Statistiques - réponses
Réponse % Correct
Deux frères - PNL
69%
Destin - Ninho
67%
Ipséité - Damso
56%
Jefe - Ninho
47%
Les étoiles vagabondes - Nekfeu
47%
La fête est finie - Orelsan
45%
L'ovni - Jul
45%
QALF - Damso
36%
Enna - PLK
29%
KMT - Gazo
20%
Aucun quiz correspondant
Distribution des résultats
% des personnes avec chaque résultat
Percentile par nombre de réponses
Votre historique - résultats
Vous n’avez pas pris ce quiz